00616nam a2200181 a 450000100100000000500170001000800410002704000250006808200140009310000330010724500490014026000340018930000210022349000260024483000350027095201120030599900170041700004400220201002045103.0140513s1970 sp 000 f spa d aDO-SdBNPbspacBNPHU axxxxbxxx1 aRiera de Leyva, J. M.97196510aEn otro país /cJosé Ma. Riera de Leyva. aBarcelona :bTusquets,c1970. a116 p. ;c18 cm.1 aCuadernos infimosv13 0aCuadernos infimos ;n13971966 001050718MOaGRbGRcCTd2014-05-13iLF1l0oxxxx xxxp44002-10r2020-06-25w2020-06-25y1ZNo se presta c43491d43491